| 000 | 00903nam a2200229Ia 4500 | ||
|---|---|---|---|
| 999 |
_c37464 _d37464 |
||
| 001 | 3425 | ||
| 003 | GE_BSU | ||
| 005 | 20190614191144.0 | ||
| 008 | 181216s2010||||ge |||||||||||||| ||geo|| | ||
| 020 | _a9789941909429 | ||
| 040 | _cGE_BSU | ||
| 041 | _ageo | ||
| 080 | _a504.062(075.8) ლ–85 | ||
| 100 |
_aლორთქიფანიძე, როზა _92506 |
||
| 245 |
_aბუნებათსარგებლობა : _bსახელმძღვანელო / _cროზა ლორთქიფანიძე. |
||
| 250 | _aმე–2 გამოცემა | ||
| 264 |
_aქუთაისი : _bშპს "მგმ-პოლიგრაფი", _c2010. |
||
| 300 |
_a255 გვ.; _b20 სმ. |
||
| 653 | _aბუნებათსარგებლობა | ||
| 653 | _aბუნებრივი რესურსების დაცვა | ||
| 942 |
_cBK _2udc |
||